000 00639cam a2200241 4500
001 J1376
008 090401t1993 xxu||||| |||| 00| 0 eng d
035 _a(Sirsi) u43197
041 _aeng
050 _a333.335
110 _aMinistry of Agriculture Fisheries and Food
245 _aAgricultural land prices in England 1991/92.
260 _aLondon
_bMinistry of Agriculture, Fisheries and F
_c1993
300 _a17p. ; 30cm.
350 _a0
490 _aMAFF Statistics
_v40/92
650 _aFARMLAND PRICES
650 _aFARMLAND
650 _aLAND PRICES
690 _aRURAL PRACTICE
942 _n0
948 _c04/03/1997
999 _c91266
_d91266